| 000 | 00545nam a22001817a 4500 | ||
|---|---|---|---|
| 999 |
_c4122 _d4122 |
||
| 003 | GBCCL | ||
| 005 | 20241126110511.0 | ||
| 008 | 180112b xxu||||| |||| 00| 0 eng d | ||
| 040 | _cgbc | ||
| 082 |
_a248.844 _bSEW |
||
| 100 |
_aSewell, Daisy McQuigg _97875 |
||
| 245 |
_aThe Home As God Would Have It / _cDaisy McQuigg Sewell |
||
| 260 |
_bFirm Foundation Publishing House, _aTexas: _c1937 |
||
| 300 |
_a251 p.; _c17 cm. |
||
| 440 |
_aTraining for Service Series _97876 |
||
| 650 |
_aFamily _vChristian home _xparenting _99415 |
||
| 942 |
_2ddc _cBK _04 |
||